000 00290nam a2200121Ia 4500
008 191201s2009 xx 000 0 und d
100 _aKANETKAR,Yashavant P.
245 0 _aC Pearls
260 _aN. Delhi
_bBPB Publication
_c2009
300 _a291
650 _aM.Tech (ECE)
942 _2ddc
_cBK
999 _c6695
_d6695